Lettres de vente efficaces <un> guida concis et pratique pour rédiger de bonnes lettres de vente
Enregistré dans:
| Format: | Livre |
|---|---|
| Langue: | français |
| Publié: |
Thalwil-Zürich
Emil Oesch
1945
|
| Tags: |
Pas de tags, Soyez le premier à ajouter un tag!
|
MARC
| LEADER | 00000nam a2200000 4500 | ||
|---|---|---|---|
| 001 | 0267802 | ||
| 005 | 20240822101710.5 | ||
| 041 | 0 | |a fre | |
| 044 | |a CH | ||
| 245 | 1 | 0 | |a Lettres de vente efficaces |b <un> guida concis et pratique pour rédiger de bonnes lettres de vente |c Emil Oesch, J. Alber |
| 264 | 1 | |a Thalwil-Zürich |b Emil Oesch |c 1945 | |